000 00872nam a22002537a 4500
008 220929s1992 ck a|||br|||| 00| jdspa d
020 _a9582401001
040 _aCO-JMCR
_dCO-JMCR
041 1 _aspa
_heng
082 0 4 _aN
_bDAHb
100 1 _aDahl, Roald,
_dautor
_942399
245 1 4 _aLas brujas /
_cRoald Dahl ; traducción de Maribel de Juan ; ilustraciones de Quentin Blake
250 _aPrimera edición
260 _aBogotá :
_bAlfaguara,
_c1992
300 _a200 páginas :
_bilustraciones a blanco y negro ;
_c19 cm.
500 _aIncluye datos biográficos del autor.
521 _aDesde los 10 años.
_bTapa posterior.
650 1 4 _ySiglo XX
_97155
700 1 _aJuan, Maribel de,
_942400
700 1 _aBlake, Quentin,
_942401
999 _c29758
_d16142